Taff les plus chiant - Statistiques

Statistiques générales
  • Ce quiz a été pris 64 fois
  • Le résultat moyen est 2 sur 10
Statistiques - réponses
taff réponse % Correct
5 eboueur
78%
2 caissier
46%
10 prof
37%
8 serveur
24%
3 controleur
9%
1 Usine
7%
6 agent d'entretien
6%
7 receptionniste
4%
4 agent onlyfans
0%
9 dealeur de schnouf
0%
Aucun quiz correspondant
Distribution des résultats
% des personnes avec chaque résultat
Percentile par nombre de réponses
Votre historique - résultats
Vous n’avez pas pris ce quiz